| 000 | 00532nam a2200193 a 4500 | ||
|---|---|---|---|
| 005 | 20140412111315.0 | ||
| 008 | 010320s19uu xx 00 eng d | ||
| 020 | _a0-307-02097-5 | ||
| 050 |
_aER _bTo55 1945 |
||
| 050 |
_aER _bTo55 1973 |
||
| 100 | _aCrampton, Gertrude | ||
| 245 |
_aTootle / _cGertrude Crampton ; pictures by Tibor Gergely. |
||
| 260 |
_aNew York : _bA Golden Book, _c1945. |
||
| 300 | _a1 v. (unp.) ; ill. | ||
| 650 | _aTrains - Stories | ||
| 650 | _aTrains - Fiction | ||
| 999 |
_c104179 _d104179 |
||